000 00396nam a2200157Ia 4500
005 20250401144635.0
008 231217s9999 xx 000 0 und d
020 _a9788131418185
082 _a347.05 CHA;1 R
100 _aChandan,G ed.
245 0 _aHabeas cropus: theory and practice
260 _c2008
_bIcfai
_aHyderabad
300 _avi, 310
650 _aHabeas,cropus:
942 _cAA
999 _c189817
_d189817